OBJECTIVE NCERT PUNCH BOOK FOR NTA NEET 2025 4500+ NTA like MCQs extracted from NCERT line by line NEET 2024 SOLVED PAPER INCLUDED CHEMISTRY (Record no. 67854)
[ view plain ]
| 000 -LEADER | |
|---|---|
| fixed length control field | 00360nam a22001097a 4500 |
| 082 ## - DEWEY DECIMAL CLASSIFICATION NUMBER | |
| Classification number | 540 |
| 100 ## - MAIN ENTRY--AUTHOR NAME | |
| Personal name | Pankaj sijairya |
| 245 ## - TITLE STATEMENT | |
| Title | OBJECTIVE NCERT PUNCH BOOK FOR NTA NEET 2025 4500+ NTA like MCQs extracted from NCERT line by line NEET 2024 SOLVED PAPER INCLUDED CHEMISTRY |
| 260 ## - PUBLICATION, DISTRIBUTION, ETC. (IMPRINT) | |
| Name of publisher | Physics Wallah |
| Year of publication | 2024 |
| 650 ## - SUBJECT ADDED ENTRY--TOPICAL TERM | |
| Topical Term | Chemistry |
| 942 ## - ADDED ENTRY ELEMENTS (KOHA) | |
| Koha item type | Competitive Books |
| Withdrawn status | Lost status | Damaged status | Not for loan | Home library | Current library | Date acquired | Cost, normal purchase price | Full call number | Accession Number | Price effective from | Koha item type |
|---|---|---|---|---|---|---|---|---|---|---|---|
| MACL | MACL | 03/04/2025 | 699.00 | 540 | DPI003419 | 03/04/2025 | Competitive Books | ||||
| MACL | MACL | 03/04/2025 | 699.00 | 540 | DPI003422 | 03/04/2025 | Competitive Books | ||||
| MACL | MACL | 03/04/2025 | 699.00 | 540 | DPI003421 | 03/04/2025 | Competitive Books | ||||
| MACL | MACL | 03/04/2025 | 699.00 | 540 | DPI003420 | 03/04/2025 | Competitive Books | ||||
| MACL | MACL | 03/04/2025 | 699.00 | 540 | DPI003424 | 03/04/2025 | Competitive Books | ||||
| MACL | MACL | 03/04/2025 | 699.00 | 540 | DPI003423 | 03/04/2025 | Competitive Books |









